High Entropy Materials: Challenges and Prospects (Record no. 29025)

MARC details
000 -LEADER
fixed length control field 00882nam a2200133Ia 4500
008 - FIXED-LENGTH DATA ELEMENTS--GENERAL INFORMATION
fixed length control field 220620s9999||||xx |||||||||||||| ||und||
020 ## - INTERNATIONAL STANDARD BOOK NUMBER
International Standard Book Number 9783040000000
245 #0 - TITLE STATEMENT
Title High Entropy Materials: Challenges and Prospects
546 ## - LANGUAGE NOTE
Language note English[eng]
650 ## - SUBJECT ADDED ENTRY--TOPICAL TERM
Topical term or geographic name entry element high-entropy alloys||intermetallic||alloy design||phase stability||high-entropy alloy||soft magnetic properties||mechanical properties||saturation magnetostriction coefficient||face-centered cubic (FCC) structure||high entropy alloys||laser beam welding||microstructure||TiC||tribological properties||wear mechanism||refractory metals||bulk metallic glass (BMG)||fatigue behavior||industrial-grade zirconium raw material||carbide||high-entropy carbides||binders||high-entropy hardmetals||biomedical materials||n/a
700 ## - ADDED ENTRY--PERSONAL NAME
Personal name Li, Weidong||Liaw, Peter K.
856 ## - ELECTRONIC LOCATION AND ACCESS
Uniform Resource Identifier <a href="https://mdpi.com/books/pdfview/book/4570">https://mdpi.com/books/pdfview/book/4570</a>
942 ## - ADDED ENTRY ELEMENTS (KOHA)
Koha item type E-Books
Holdings
Withdrawn status Lost status Damaged status Not for loan Home library Current library Date acquired Total Checkouts Date last seen Price effective from Koha item type
        Kerala University of Digital Sciences, Innovation and Technology Knowledge Centre Kerala University of Digital Sciences, Innovation and Technology Knowledge Centre 20/06/2022   20/06/2022 20/06/2022 E-Books